| 000 | 00693nmm a2200265 a 4500 | ||
|---|---|---|---|
| 003 | AR-BaBNM | ||
| 005 | 20251128204120.0 | ||
| 008 | 076119s1993 ||||||||||||||000 | spa|| | ||
| 020 | _a950-537-194-2 | ||
| 040 | _cAR-BaBNM | ||
| 100 | 1 | _aEtchevarne, Carlos | |
| 245 | 1 | 0 | _aCalidad gerencial |
| 250 | _a1ª ed. | ||
| 260 |
_aBuenos Aires _bMacchi _c1993 |
||
| 300 | 1 |
_axix, 200 p. _bil., gráfs. |
|
| 504 | _aBibliografía consultada p. 189-200 | ||
| 650 | 4 | _aGERENTES | |
| 650 | 4 | _aADMINISTRACION DE EMPRESAS | |
| 650 | 4 | _aLIDERAZGO | |
| 650 | 4 | _aADMINISTRACION DEL PERSONAL | |
| 650 | 4 | _aESTRATEGIAS DE DESARROLLO | |
| 653 | 0 | _aCALIDAD TOTAL | |
| 942 | _cBK | ||
| 998 | _cCarmen | ||
| 999 |
_c6231 _d6231 |
||